| 000 | 00621nam a22001937a 4500 | ||
|---|---|---|---|
| 999 |
_c4314 _d4271 |
||
| 008 | 230921b ||||| |||| 00| 0 eng d | ||
| 020 | _a9754584494 | ||
| 041 | _atur | ||
| 050 | _aD16 | ||
| 100 |
_92127 _aDurukan, Kaan |
||
| 245 |
_aTürkîli Hicazkâr : Türkiye'de Tarih Anlayışı Üzerine _cYayına Hazırlayan : Mürşit Balabanlılar |
||
| 250 | _a1.Basım | ||
| 260 |
_aİstanbul: _bİş Bankası Kültür Yayınları, _cMart 2003 |
||
| 300 | _a172 Sayfa | ||
| 500 | _aGenel Yayın : 686 Tarih Dizisi : 44 | ||
| 650 | 0 |
_91881 _aTürkiye Tarihi |
|
| 700 |
_91642 _aBalabanlılar, Mürşit |
||
| 942 |
_2lcc _cBK |
||